书目信息 |
| 题名: |
煤层气采气工程
|
|
| 作者: | 杨宇 著 | |
| 分册: | ||
| 出版信息: | 北京 科学出版社 2017.06 |
|
| 页数: | 210页 | |
| 开本: | 26cm | |
| 丛书名: | ||
| 单 册: | ||
| 中图分类: | P618.11 | |
| 科图分类: | ||
| 主题词: | 煤层--地下气化煤气--采气 | |
| 电子资源: | ||
| ISBN: | 978-7-03-053740-9 | |
| 000 | 00914nam0 2200229 450 | |
| 001 | 4630 | |
| 005 | 20181012143454.08 | |
| 010 | @a978-7-03-053740-9@dCNY108.00 | |
| 100 | @a20170905d2017 em y0chiy50 ea | |
| 101 | 0 | @achi |
| 102 | @aCN@b110000 | |
| 105 | @aa z 000yy | |
| 200 | 1 | @a煤层气采气工程@9mei ceng qi cai qi gong cheng@f杨宇[等]著 |
| 210 | @a北京@c科学出版社@d2017.06 | |
| 215 | @a210页@c图@d26cm | |
| 304 | @a著者还有:孙晗森、陈万钢、张凤东、张昊 | |
| 330 | @a本书基于煤层气的地质和开发特征,针对煤层气开采问题,系统阐述了煤层气开采技术的原理,包括:煤层气的渗流规律、完井工艺、气井和气藏动态分析原理、排采机械、污水处理等方面的内容。在理论讲解的基础上,重点介绍了美国石油工程学会(SPE)在煤层气采气工程领域的新技术与发展。 | |
| 606 | 0 | @a煤层@x地下气化煤气@x采气 |
| 690 | @aP618.11@v5 | |
| 701 | 0 | @a杨宇@9yang yu@f(1973~)@4著 |
| 801 | 0 | @aCN@b91MARC@c20170905 |
| 905 | @aMuseLib@dP618.11@e90 | |
| 煤层气采气工程/杨宇[等]著.-北京:科学出版社,2017.06 |
| 210页:图;26cm |
| ISBN 978-7-03-053740-9:CNY108.00 |
| 本书基于煤层气的地质和开发特征,针对煤层气开采问题,系统阐述了煤层气开采技术的原理,包括:煤层气的渗流规律、完井工艺、气井和气藏动态分析原理、排采机械、污水处理等方面的内容。在理论讲解的基础上,重点介绍了美国石油工程学会(SPE)在煤层气采气工程领域的新技术与发展。 |
| ● |
| 相关链接 |
|
|
|
|
正题名:煤层气采气工程
索取号:P618.11/90
 
预约/预借
| 序号 | 登录号 | 条形码 | 馆藏地/架位号 | 状态 | 备注 |
| 1 | 1126051 | 211260516 | 第二样本阅览室/ [索取号:P618.11/90] | 在馆 | |
| 2 | 1126052 | 211260525 | 第三借阅区/ [索取号:P618.11/90] | 在馆 | |
| 3 | 1126053 | 211260534 | 第三借阅区/ [索取号:P618.11/90] | 在馆 | |
| 4 | 1126054 | 211260543 | 第三借阅区/ [索取号:P618.11/90] | 在馆 |